Les Principales Radios Françaises - Statistiques

Statistiques générales
  • Ce quiz a été pris 344 fois
  • Le résultat moyen est 11 sur 25
Statistiques - réponses
Radios % Correct
NRJ
86%
RTL
79%
Skyrock
76%
Europe 1
68%
France Inter
66%
Nostalgie
65%
Fun Radio
62%
RMC
59%
France Bleu
55%
France Info
55%
RFM
54%
RTL 2
50%
Chérie FM
49%
France Culture
47%
Virgin Radio
42%
Rire et Chansons
36%
France Musique
32%
Radio Classique
22%
ALOUETTE
18%
Sud Radio
18%
Jazz Radio
7%
VIBRATION
7%
BFM Business
5%
MFM Radio
4%
TOTEM
3%
Aucun quiz correspondant
Distribution des résultats
% des personnes avec chaque résultat
Percentile par nombre de réponses
Votre historique - résultats
Vous n’avez pas pris ce quiz